00563nam a22002057a 450000500170000001000110001702000100002803500110003803700160004904000120006508200130007710000180009024500550010826000360016327000660019930000210026550000190028665000200030565000320032520170124110214.0 a476421 c00.00 a476421 bCen Lib/Ret aDPLbEN a392bMAS aMasani, R. P. aFolk culture reflected in names /cby R. P. Masani bPopular PrakashanaBombayc1966 bBombaya35-C, Pandit Madan Mohan Malviya Marg, Taredoe400034 a120p. c21cm(Hb) aIncludes index aNames, Personal aNombres personales -- India